Modern concepts on water resources (Record no. 1335)

000 -LEADER
fixed length control field 00600nam a22002177a 4500
001 - CONTROL NUMBER
control field 1335
003 - CONTROL NUMBER IDENTIFIER
control field BD-DhUET
008 - FIXED-LENGTH DATA ELEMENTS--GENERAL INFORMATION
fixed length control field 140903b xxu||||| |||| 00| 0 eng d
020 ## - INTERNATIONAL STANDARD BOOK NUMBER
International Standard Book Number 9848090309
040 ## - CATALOGING SOURCE
Original cataloging agency 0
Transcribing agency 0
Modifying agency BD-DhUET
082 ## - DEWEY DECIMAL CLASSIFICATION NUMBER
Classification number 628.16068095492
Item number FAI/2007
100 ## - MAIN ENTRY--PERSONAL NAME
Personal name Faisal Hossain
245 ## - TITLE STATEMENT
Title Modern concepts on water resources
Statement of responsibility, etc. by Faisal Hossain,Md. Delawer Hossain
250 ## - EDITION STATEMENT
Edition statement Ist ed.
260 ## - PUBLICATION, DISTRIBUTION, ETC. (IMPRINT)
Place of publication, distribution, etc. Dhaka
Name of publisher, distributor, etc. UGC,
Date of publication, distribution, etc. 2007
300 ## - PHYSICAL DESCRIPTION
Extent xv,222p.
504 ## - BIBLIOGRAPHY, ETC. NOTE
Bibliography, etc Includes bibliographies
650 #0 - SUBJECT ADDED ENTRY--TOPICAL TERM
Topical term or geographic name as entry element Water resources management
Geographic subdivision Bangladesh
700 ## - ADDED ENTRY--PERSONAL NAME
Personal name Delawer Hossain, Md.
942 ## - ADDED ENTRY ELEMENTS (KOHA)
Koha item type General Book
Holdings
Not for loan Shelving location Damaged status Price effective from Koha item type Koha full call number Copy number Koha normalized classification for sorting Location (home branch) Source of classification or shelving scheme Koha date last seen Withdrawn status Piece designation (barcode) Sublocation or collection (holding branch) Date acquired Lost status
 Circulation section 2014-09-03General Book628.16068095492/FAI/20071628_160680954920000_FAI_2007Central Library, BUET 2014-09-03 103500Central Library, BUET2014-09-03 
 Circulation section 2014-09-03General Book628.16068095492/FAI/20072628_160680954920000_FAI_2007Central Library, BUET 2014-09-03 103501Central Library, BUET2014-09-03 
 Circulation section 2014-09-03General Book628.16068095492/FAI/20073628_160680954920000_FAI_2007Central Library, BUET 2014-09-03 103502Central Library, BUET2014-09-03 
 Circulation section 2014-09-03General Book628.16068095492/FAI/20074628_160680954920000_FAI_2007Central Library, BUET 2014-09-03 103503Central Library, BUET2014-09-03 
 Circulation section 2014-09-03General Book628.16068095492/FAI/20075628_160680954920000_FAI_2007Central Library, BUET 2014-09-03 103504Central Library, BUET2014-09-03 
 Circulation section 2014-09-03General Book628.16068095492/FAI/20076628_160680954920000_FAI_2007Central Library, BUET 2014-09-03 103505Central Library, BUET2014-09-03 
 Circulation section 2014-09-03General Book628.16068095492/FAI/20077628_000000000000000_1606809549Central Library, BUET 2014-09-03 103506Central Library, BUET2014-09-03 
 Circulation section 2014-09-03General Book628.16068095492/FAI/20078628_000000000000000_1606809549Central Library, BUET 2014-09-03 103507Central Library, BUET2014-09-03 
 Circulation section 2014-09-03General Book628.16068095492/FAI/20079628_160680954920000_FAI_2007Central Library, BUET 2014-09-03 103508Central Library, BUET2014-09-03 
 Circulation section 2014-09-03General Book628.16068095492/FAI/200710628_000000000000000_1606809549Central Library, BUET 2014-09-03 103509Central Library, BUET2014-09-03 
 Circulation section 2016-07-26General Book628.16068095492/FAI/200711628_160680954920000_FAI_2007Central Library, BUET 2016-07-26 114242Central Library, BUET2016-07-26 
 Circulation section 2016-07-26General Book628.16068095492/FAI/200712628_160680954920000_FAI_2007Central Library, BUET 2016-07-26 114243Central Library, BUET2016-07-26